La construcción social del derecho
Αποθηκεύτηκε σε:
| Κύριος συγγραφέας: | |
|---|---|
| Μορφή: | Βιβλίο |
| Γλώσσα: | Ισπανικά |
| Έκδοση: |
Sevilla
Universidad de Sevilla
1996
|
| Σειρά: | Derecho, 59
|
| Θέματα: | |
| Ετικέτες: |
Προσθήκη ετικέτας
Δεν υπάρχουν, Καταχωρήστε ετικέτα πρώτοι!
|
MARC
| LEADER | 00000nam a2200000 a 4500 | ||
|---|---|---|---|
| 001 | UCO1712 | ||
| 003 | CL-VaPUC | ||
| 008 | 000519e19960000SP |||||||||||||||||spa|d | ||
| 082 | 0 | 4 | |a 340.1 |b PER |2 21 |
| 100 | 0 | |a Pérez Ruiz, Carlos |e author |9 444177 | |
| 245 | 1 | 3 | |a La construcción social del derecho |
| 300 | |a 134 p | ||
| 942 | |c BK | ||
| 945 | |d 20000519 00:00:00 |a vberengu | ||
| 260 | |a Sevilla |b Universidad de Sevilla |c 1996 | ||
| 650 | 0 | |a Control social |9 322637 | |
| 650 | 7 | |a DERECHO |2 CL-VaPUC |9 444178 | |
| 650 | 0 | |a Sociología del conocimiento |9 308651 | |
| 583 | |a last modification |c 20000519 00:00:00 |k Rodrigo Vera | ||
| 490 | 0 | |a Derecho, 59 | |
| 999 | |c 288316 |d 288314 | ||
| 952 | |0 0 |1 0 |4 0 |6 340_100000000000000_PER_1996 |7 0 |8 DER_TF |9 335905 |a BIBDER |b BIBDER |d 2019-11-20 |i 3590127 |o 340.1 PER 1996 |p 3590127 |r 2023-01-25 |w 2019-11-20 |x Ubicación 4to Piso |y BK |z Estos recursos deben solicitarse con anticipación |k DER | ||